000 00529nam a2200181Ia 4500
008 210719s2002 xx 000 0 und d
020 _a812031008X
041 _aeng
082 _a519.50574KAK RAOI
100 _aRAO (P S S Sundar) and RICHARD (J)
245 _aIntroduction to biostatistics a manual for students in health sciences. Ed.3
250 _a3
260 _aND
_bPrentice-Hall of India Private Limited
_c2002
300 _axi,259
_bPB
365 _b150
_cRs
650 _aBiostatistics
906 _aBiostatistics
999 _c213710
_d213710